000 00199nam a22001097a 4500
041 _aeng
080 _a80
100 _aPaxton, N.
245 _aZielpunkt Deutsch
650 _aGerman
999 _c281813
_d281813
942 _cBK